[Event "Titled Tuesday intern op 04th Mar Early"]
[Site "Chess.com INT"]
[Date "2025.03.04"]
[Round "7"]
[White "Priasmoro, Novendra"]
[Black "Anand, Tsogtbileg"]
[Result "1-0"]
[WhiteElo "2437"]
[BlackElo "2057"]
[PlyCount "117"]
[EventDate "2025.03.04"]
[EventType "swiss (blitz)"]
[EventRounds "11"]
[EventCountry "USA"]
[SourceTitle "CB11_2025"]
[SourceDate "2025.03.12"]
[SourceVersion "1"]
[SourceVersionDate "2025.03.12"]
[SourceQuality "1"]

1. Nf3 Nf6 2. d4 e6 3. g3 d5 4. Bg2 Be7 5. 0-0 0-0 6. c4 c6 7. Qc2 Nbd7 8. Bf4 dxc4 9. Qxc4 a5 10. Qc2 Nd5 11. Nc3 Nxf4 12. gxf4 Nb6 13. Ne5 Nd5 14. e3 Bd6 15. Kh1 Bxe5 16. fxe5 Qh4 17. Ne4 f6 18. Nd6 fxe5 19. dxe5 Bd7 20. Rad1 Qh5 21. Qe4 Be8 22. f4 Bg6 23. Qd4 Qh4 24. a3 Bh5 25. Rd2 g5 26. Rdf2 g4 27. Be4 Kh8 28. Rg2 Qh3 29. Re1 Qh4 30. Rg3 Qe7 31. Reg1 Rad8 32. Bc2 c5 33. Qd2 Rg8 34. Qxa5 b6 35. Qd2 Rdf8 36. Bd1 Qh4 37. b4 cxb4 38. axb4 Rd8 39. Qd4 Rdf8 40. f5 exf5 41. Qxd5 f4 42. exf4 Rxf4 43. Qd2 Rgf8 44. R3g2 g3 45. Bxh5 Rf2 46. Rxf2 Rxf2 47. Nf7+ Kg7 48. Qxf2 Qxh5 49. Qxg3+ Kxf7 50. Qg7+ Ke6 51. Qf6+ Kd5 52. e6 Kc4 53. Qf4+ Kb5 54. Qe4 Qe8 55. e7 Ka4 56. Ra1+ Kb3 57. Rd1 Ka4 58. Rd8 Qb5 59. e8Q 1-0

[Event "Titled Tuesday intern op 28th Jan Early"]
[Site "Chess.com INT"]
[Date "2025.01.28"]
[Round "7"]
[White "Anand, Tsogtbileg"]
[Black "Player, Edmund C"]
[Result "0-1"]
[WhiteElo "2056"]
[BlackElo "2122"]
[PlyCount "100"]
[EventDate "2025.01.28"]
[EventType "swiss (blitz)"]
[EventRounds "11"]
[EventCountry "USA"]
[SourceTitle "CB06_2025"]
[SourceDate "2025.02.05"]
[SourceVersion "1"]
[SourceVersionDate "2025.02.05"]
[SourceQuality "1"]

1. d4 Nf6 2. c4 e6 3. Nc3 d5 4. cxd5 exd5 5. Bg5 Bb4 6. e3 h6 7. Bh4 0-0 8. Qb3 Bxc3+ 9. bxc3 g5 10. Bg3 Ne4 11. Bd3 Re8 12. Nf3 Bf5 13. Qc2 c6 14. 0-0 Nd7 15. Ne5 Nxe5 16. Bxe5 f6 17. Bg3 h5 18. f3 Nxg3 19. Bxf5 Nxf1 20. Rxf1 Qe7 21. e4 Kg7 22. h4 gxh4 23. Qf2 Rg8 24. Qxh4 Kf8 25. Qxh5 Qg7 26. Bg4 Qg5 27. Qxg5 Rxg5 28. Bh3 Ke7 29. Kf2 Rh8 30. exd5 cxd5 31. Re1+ Kd8 32. Re6 Rf8 33. Re5 fxe5 34. Ke3 exd4+ 35. Kxd4 Rg3 36. Kxd5 Rxh3 37. gxh3 Rxf3 38. h4 Rh3 39. h5 Rxh5+ 40. Kd6 a5 41. c4 a4 42. c5 a3 43. c6 bxc6 44. Kxc6 Rh2 45. Kb5 Rxa2 46. Kb4 Kc7 47. Kb3 Rh2 48. Kxa3 Kc6 49. Kb3 Kc5 50. Kc3 Rh3+ 0-1

[Event "Titled Tuesday intern op 28th Jan Early"]
[Site "Chess.com INT"]
[Date "2025.01.28"]
[Round "2"]
[White "Da Rosa, Henrique Jaze Simoe"]
[Black "Anand, Tsogtbileg"]
[Result "0-1"]
[WhiteElo "2003"]
[BlackElo "2056"]
[PlyCount "40"]
[EventDate "2025.01.28"]
[EventType "swiss (blitz)"]
[EventRounds "11"]
[EventCountry "USA"]
[SourceTitle "CB06_2025"]
[SourceDate "2025.02.05"]
[SourceVersion "1"]
[SourceVersionDate "2025.02.05"]
[SourceQuality "1"]

1. Nf3 Nf6 2. c4 e6 3. g3 d5 4. Bg2 Be7 5. 0-0 0-0 6. d4 c6 7. Qc2 Nbd7 8. Nbd2 b5 9. b3 a5 10. Rd1 a4 11. Bb2 a3 12. Bc1 b4 13. e4 dxe4 14. Ng5 Bb7 15. Ngxe4 Nxe4 16. Bxe4 Nf6 17. Bg2 Qxd4 18. Nf3 Qxa1 19. Bg5 Qc3 20. Qb1 Rfd8 0-1

[Event "Wch U10"]
[Site "Montesilvano"]
[Date "2024.11.19"]
[Round "5"]
[White "Anand, Tsogtbileg"]
[Black "Shogdzhiev, Roman Sav"]
[Result "0-1"]
[WhiteElo "1974"]
[BlackElo "2202"]
[PlyCount "84"]
[EventDate "2024.11.15"]
[EventType "swiss"]
[EventRounds "11"]
[EventCountry "ITA"]
[SourceTitle "CB48_2024"]
[SourceDate "2024.11.28"]
[SourceVersion "1"]
[SourceVersionDate "2024.11.28"]
[SourceQuality "1"]

1. e4 c5 2. Nf3 d6 3. d4 cxd4 4. Nxd4 Nf6 5. f3 Nc6 6. c4 e6 7. Nc3 Be7 8. Be3 0-0 9. Qd2 d5 10. exd5 exd5 11. Nxc6 bxc6 12. cxd5 Nxd5 13. Nxd5 cxd5 14. Be2 Bh4+ 15. g3 Bf6 16. Rd1 Re8 17. Kf2 Be6 18. Bd4 Rb8 19. Rhe1 Bxd4+ 20. Qxd4 a5 21. a3 Qb6 22. Qxb6 Rxb6 23. Rd2 Reb8 24. Rb1 Rb3 25. Rc1 Rxb2 26. Rxb2 Rxb2 27. Rc5 Kf8 28. Rxa5 Ke7 29. a4 Kd6 30. Ke3 g6 31. g4 g5 32. Rb5 Ra2 33. a5 Bd7 34. Rb7 Rxa5 35. Bd3 Ra3 36. Kd4 Ra4+ 37. Kc3 Be6 38. Rb2 Ke5 39. h4 gxh4 40. Bxh7 Ra3+ 41. Kb4 Rxf3 42. Rh2 Rf4+ 0-1

[Event "GEO World Cup Final U10"]
[Site "Batumi"]
[Date "2024.07.02"]
[Round "2"]
[White "Anand, Tsogtbileg"]
[Black "Kaushik, Ashwath"]
[Result "1-0"]
[WhiteElo "1924"]
[BlackElo "2029"]
[PlyCount "119"]
[EventDate "2024.07.01"]
[EventType "match"]
[EventRounds "5"]
[EventCountry "GEO"]
[SourceTitle "EXT 2025"]
[Source "ChessBase"]
[SourceDate "2024.10.14"]
[SourceVersion "1"]
[SourceVersionDate "2024.10.14"]
[SourceQuality "1"]

1. d4 d5 2. c4 e6 3. g3 Nf6 4. Bg2 Be7 5. Nf3 0-0 6. 0-0 c6 7. Nc3 a5 8. Ne5 Nbd7 9. e4 dxe4 10. Nxe4 Nxe4 11. Bxe4 Nf6 12. Bg2 Qb6 13. Nf3 Rd8 14. Qb3 Qa6 15. Be3 a4 16. Qc2 b5 17. cxb5 cxb5 18. Ne5 Bb7 19. Qc7 Bxg2 20. Qxe7 Qb7 21. Qxf7+ Qxf7 22. Nxf7 Bxf1 23. Nxd8 Bc4 24. Nb7 Bd5 25. Nc5 Kf7 26. a3 Rc8 27. Rc1 Ne4 28. Nd3 Rxc1+ 29. Bxc1 Nd6 30. Ne5+ Kf6 31. g4 Nc4 32. f4 Na5 33. Bd2 Nb3 34. Bc3 g5 35. h4 gxf4 36. Kf2 Be4 37. Nc6 Kf7 38. Na7 Bd3 39. Kf3 Ke7 40. Nc6+ Kd6 41. Nb4 Bc4 42. Kxf4 Ke7 43. Kg5 Be2 44. Nc6+ Kd6 45. Ne5 Kd5 46. Nd7 Nxd4 47. Nf6+ Kc4 48. Bxd4 Kxd4 49. Nxh7 Bd3 50. Nf8 Kc4 51. Nxe6 Bb1 52. h5 Kb3 53. Nd4+ Kc4 54. Nf5 Kb3 55. h6 Kxb2 56. h7 Kxa3 57. h8Q b4 58. Qa1+ Ba2 59. Qc1+ Kb3 60. Nd4# 1-0

[Event "GEO World Cup-B U10"]
[Site "Batumi"]
[Date "2024.06.24"]
[Round "2"]
[White "Anand, Tsogtbileg"]
[Black "Zabelin, Platon"]
[Result "0-1"]
[WhiteElo "1924"]
[BlackElo "1799"]
[PlyCount "104"]
[EventDate "2024.06.23"]
[EventType "swiss"]
[EventRounds "7"]
[EventCountry "GEO"]
[SourceTitle "EXT 2025"]
[Source "ChessBase"]
[SourceDate "2024.10.14"]
[SourceVersion "1"]
[SourceVersionDate "2024.10.14"]
[SourceQuality "1"]

1. e4 c6 2. d4 d5 3. Nc3 dxe4 4. Nxe4 Bf5 5. Ng3 Bg6 6. Nh3 e6 7. Nf4 Bd6 8. h4 Qc7 9. Nxg6 hxg6 10. Ne4 Bf4 11. Bd3 Bxc1 12. Qxc1 Nd7 13. Qd2 Ngf6 14. Ng5 Nb6 15. 0-0-0 0-0-0 16. c3 Rd7 17. Kb1 Rhd8 18. Qc2 Kb8 19. Nf3 c5 20. Ne5 Rd5 21. dxc5 Rxc5 22. Nf3 Nbd5 23. Bf1 Rxc3 24. Qe2 Rc6 25. g3 Rb6 26. Ka1 Rc8 27. Qe5 Ng4 28. Qxc7+ Rxc7 29. Rb1 Nxf2 30. Rh2 Ne4 31. g4 Ne3 32. Bd3 Nc5 33. Re2 Nxd3 34. Rxe3 Nxb2 35. Rb3 Nc4 36. Rxb6 Nxb6 37. Ng5 Re7 38. h5 gxh5 39. gxh5 e5 40. Rf1 f6 41. Ne4 Nd5 42. Rh1 f5 43. Nd6 f4 44. Ne4 f3 45. Rf1 Rf7 46. Nf2 Nf6 47. Nd1 Nxh5 48. Ne3 Ng3 49. Rg1 Nf5 50. Ng4 e4 51. Re1 e3 52. Ne5 f2 0-1